• 首页
  • 本馆介绍
  • 公告通知
  • 最新文献
  • 馆藏检索
  • 电子资源
  • 读者导购
  • 参考咨询
  • 我的图书馆
  • 登录
  • 详细信息显示
  • 放入我的书架
  • 预约/预借图书
  • 作者相关作品
  • 分类相关作品
  • 丛书相关作品
  • 出版社相关作品

书目信息

  • 表格格式
  • 工作单格式
  • 卡片格式
题名:
心血运动论
    
 
作者: 哈维 著 ;凌大好 译
分册:  
出版信息: 西安   陕西人民出版社  2001
页数: 107页
开本: 20cm
丛书名: 影响世界历史进程的书
单 册:
中图分类: R331.3
科图分类:
主题词: 人体--血液--循环--理论
电子资源:
ISBN: 7-224-05453-4
000 00932oam2 2200265 45
001 110000000945
005 20050923100545.18
010    @a7-224-05453-4@dCNY11.00
100    @a20041126e20042001ekmy0chiy0120 ea
101 1  @achi@ceng
102    @aCN@b610000
105    @aa z 000yy
200 1  @a心血运动论@9xin xue yun dong lun@f(英)威廉·哈维著@F(ying)wei lian·ha wei zhu@g凌大好译
210    @a西安@c陕西人民出版社@d2001@h2004重印
215    @a107页@c图@d20cm
225 2  @a影响世界历史进程的书
330    @a《心血运动论》这本书是威廉·哈维毕生心血的结晶,它的发表首次向世人正确而全面地阐述了心脏的结构、功能及血液循环运动,推翻了禁锢人们思想的权威意识和传统观念。
461  0 @12001 @a影响世界历史进程的书
606 0  @a人体@x血液@x循环@x理论
690    @aR331.3@v4
701  0 @a哈维@Aha wei@4著
702  0 @a凌大好@Aling da hao@4译
801  0 @aCN@bTSSF@c20050923
905    @a10447@dR331.3@e82
999    @aAFJ@eGLX
    
    心血运动论/(英)威廉·哈维著/凌大好译.-西安:陕西人民出版社,2001(2004重印)
    107页:图;20cm.-(影响世界历史进程的书)
    
    
    ISBN 7-224-05453-4:CNY11.00
    《心血运动论》这本书是威廉·哈维毕生心血的结晶,它的发表首次向世人正确而全面地阐述了心脏的结构、功能及血液循环运动,推翻了禁锢人们思想的权威意识和传统观念。
●
相关链接 在E读中查询图书 在五车中查询图书 在当当中查询图书 在豆瓣中查询图书


正题名:心血运动论     索取号:R331.3/82         预约/预借

序号 登录号 条形码 馆藏地/架位号 状态 备注
1 0362903   3629032   第二样本阅览室/ [索取号:R331.3/82] 在馆    
2 0362904   3629041   第三借阅区/ [索取号:R331.3/82] 在馆    
3 0362905   3629050   第三借阅区/ [索取号:R331.3/82] 在馆    
4 0362906   3629069   第三借阅区/ [索取号:R331.3/82] 在馆    
5 0362907   3629078   第三借阅区/ [索取号:R331.3/82] 在馆    
唐山师范学院图书馆 欢迎您!
大连网信软件有限公司© 版权所有